000 00416nam a2200181Ia 4500
001 2869
005 20260306144839.0
008 260306t2010||||xx |||||||||||||| ||spa||
041 _aESP
082 _a230.9
_bB38
100 _aBelda Plans, Juan
_eAUT
245 0 _aHistoria de la teología
260 _c2010
300 _a315 páginas :
_c24 cm.
650 _aGEN
654 _aCHU
942 _cLIB
_dJUS
_fJUS
_2ddc
_n
999 _c2869
_d2869